Image kraje Vysočina jako výzva pro regionální marketing

Výsledky výskumu, ktorého cieľom bolo zistiť, aké charakteristiky si s regiónom spájajú obyvatelia Kraja Vysočina a na čo sú v ňom hrdí. Hľadanie možností zamerania marketingovej komunikácie pre návštevníkov kraja. Ďalší zámer výskumu - určiť, či sú regionálne potraviny vo vnímaní ľudí súčasťou imid...

Ausführliche Beschreibung

Gespeichert in:
Bibliographische Detailangaben
1. Verfasser: Chalupová, Martina
Weitere Verfasser: Rojík, Stanislav, Prokop, Martin
Format: Buchkapitel
Sprache:Tschechisch
Schlagworte:
Tags: Tag hinzufügen
Keine Tags, Fügen Sie das erste Tag hinzu!

MARC

LEADER 00000nla a2200000 4500
001 0240890
005 20240417075132.4
041 0 |a cze 
044 |a CZ 
245 1 0 |a Image kraje Vysočina jako výzva pro regionální marketing  |c Martina Chalupová, Stanislav Rojík, Martin Prokop 
520 |a Výsledky výskumu, ktorého cieľom bolo zistiť, aké charakteristiky si s regiónom spájajú obyvatelia Kraja Vysočina a na čo sú v ňom hrdí. Hľadanie možností zamerania marketingovej komunikácie pre návštevníkov kraja. Ďalší zámer výskumu - určiť, či sú regionálne potraviny vo vnímaní ľudí súčasťou imidžu kraja. 
610 2 0 |a regióny 
610 2 0 |a kraje 
610 2 0 |a výskum kvantitatívny 
610 2 0 |a ruch cestovný 
610 2 0 |a identita 
610 2 0 |a imidž 
610 2 0 |a príroda 
610 2 0 |a história 
610 2 0 |a pamiatky 
610 2 0 |a potraviny 
610 2 0 |a marketing 
610 2 0 |a Česko 
100 1 |a Chalupová, Martina 
700 1 |a Rojík, Stanislav 
700 1 |a Prokop, Martin